000 01088nam a22003137a 4500
003 DO-SdBPM
005 20260317133058.0
007 ta
008 161129b2009 mx a 00| 0 spa d
020 _a9786071101341
040 _aDO-SdBPM
_bspa
_cBPMSU
_erda
082 0 4 _a843.5
_bL599b 2009
_222
100 1 _aLeprince Beaumont, Marie de
_d 1711-1780
_e autor
_4aut.
245 1 3 _aLa bella y la bestia /
_cMarie Leprince de Beaumont ; ilustraciones Kim Sam-Hyeon ; traducción Enrique Mercado
264 _aMéxico :
_bAlfaguara,
_c2009.
300 _a74 páginas :
_bilustración,
_c21 cm.
336 _atexto
_btxt
_2rdacontent
337 _asin mediación
_bn
_2rdamedia
338 _avolumen
_bnc
_2rdacarrier
490 1 _aAlfaguara infantil
590 _aInventariado, 2026/VM
650 7 _a: Cuentos infantiles franceses
650 7 _aFealdad
_vCuentos infantiles
650 7 _aBelleza personal
_vCuentos infantiles
700 1 _aSam-Hyeon, Kim,
_eilustración
700 1 _aMercado, Enrique,
_etraductor
910 _aVMateo V. Control de caldiad. BPMSU
942 _2ddc
_cBK
999 _c12168
_d12168